| 000 | 03182nkm0a2200493 4500 | ||
|---|---|---|---|
| 001 | RU\NLR\BIBL_A\022611918 | ||
| 005 | 20260204000000.0 | ||
| 035 | _a(NLR Aleph) 022611918 | ||
| 071 | 5 | 0 |
_d2 руб. _910000 |
| 090 |
_a89025 _c89025 |
||
| 100 | _a20250828d1941 u y0rusy50 ca | ||
| 101 | 0 |
_arus _auzb |
|
| 102 | _aRU | ||
| 116 | _aiiycxx bf ad | ||
| 135 | _acrcn 024anaba | ||
| 181 | 0 |
_ab4 _bxb2e |
|
| 182 | 0 | _an | |
| 200 | 1 |
_aРазбить врага - вождю мы клятву дали. Мы сохраним завет своих отцов. Веди нас в бой победный, мудрый Сталин - Гроза врагов, родной отец бойцов! _dБоболар васиятин этамиз адо, Ёвни янчамиз дея онт ичдик сенга. Душманга зур дахшатсан, жангчига - ота, Бошла, доно Сталин, зафар жангига! _e[плакат] _fхудожник К. Чепраков _gтекст Б. Петрова _gотв. редактор С. Соколов |
|
| 203 |
_aИзображение _bнеподвижное _bдвухмерное _bвизуальное _cнепосредственное |
||
| 210 |
_aТашкент _cГосиздат УзССР _d1941 _eТашкент _gУзполиграфкомбинат |
||
| 215 |
_a1 л. _cхромолитогр. _d59,5х93,5 |
||
| 300 | _aНа изобр. справа внизу факс. подписи художника и дата: "К. Чепраков 41" | ||
| 300 | _aВ вып. дан.: Р2218; заказ 1975 б | ||
| 325 | _aКопия доступна в Электрон. б-ке РНБ | ||
| 510 | 1 |
_aБоболар васиятин этамиз адо, Ёвни янчамиз дея онт ичдик сенга. Душманга зур дахшатсан, жангчига - ота, Бошла, доно Сталин, зафар жангига! _zuzb |
|
| 606 | 1 |
_aПлакат русский советский _z1941 - 1945 _2nlr_sh2 _3RU\NLR\AUTH\661423877 |
|
| 606 | 1 |
_aВеликая Отечественная война _z1941 - 1945 _jПлакаты _2nlr_sh1 _2nlr_sh2 _3RU\NLR\AUTH\668893 |
|
| 686 | _aЩ153(2Р=Рус)7-466 | ||
| 700 | 1 |
_aЧепраков _bК. П. _f1907-1972 _gКонстантин Павлович _4040 |
|
| 702 | 1 |
_aПетров _bБ. _4070 |
|
| 712 | 0 | 2 |
_aУзбекский полиграфический комбинат _cТашкент _bЛитография _3RU\NLR\AUTH\880627209 _4610 |
| 712 | 0 | 2 |
_aГосударственное издательство УзССР _3RU\NLR\AUTH\8810147310 _4650 |
| 852 | 0 | 0 |
_aNLR _bЭ _jПлИр995/7-33 _mЭ024889 |
| 856 | 0 | _uhttps://vivaldi.nlr.ru/la000070758/view | |
| 856 | 1 | _uhttps://vivaldi.nlr.ru/la000070758/cover | |
| 856 | 2 | _uhttps://vivaldi.nlr.ru/la000070758/text | |
| 942 | _cVISUAL | ||
| 945 | _aРоссийская национальная библиотека | ||
| 980 | _aNB | ||
| 980 | _aBV | ||
| 981 | 1 | 7 |
_a(17) Изографические материалы _b(17) Плакаты |